| 000 | 00661nam a2200217 i 4500 | ||
|---|---|---|---|
| 001 | 39250 | ||
| 003 | ES-MaACL | ||
| 005 | 20250803050537.0 | ||
| 007 | t| | ||
| 008 | 030227s1924 xxk ||||1| eng d | ||
| 245 | 0 | 4 |
_aThe Cambridge ancient history _b: volume I : Egypt and Babylonia / _cedited by J.B. Bury, S.A. Cook, F.E. Adcock. |
| 250 | _a2nd ed. | ||
| 260 |
_aCambridge : _bUniversity Press, _c1924. |
||
| 300 |
_aXXVIII, 704 p. ; _c25 cm. |
||
| 650 | 0 | 7 |
_aHistoria antigua _2embne _913385 |
| 700 | 1 |
_aBury, J. B. _932797 |
|
| 700 | 1 |
_aCook, S. A. _940354 |
|
| 700 | 1 |
_aAdcock, F. E. _918418 |
|
| 852 |
_aES-MaACL _jB-13053 |
||
| 999 |
_c39250 _d39250 |
||